000 00865nab a2200253 u 4500
001 08526
003 HDC
007 cr bn ---aaaaa
008 210130c2013 my dr|nes 0 a may d
040 _aHDC
100 _aMahanum Abdul Aziz
_eauthor
_98098
245 0 _aBSN Unjur deposit meningkat RM1.5b / oleh
_cMahanum Abdul Aziz
260 _aKuala Lumpur :
_bThe New Straits Times Press (M) Bhd.,
_c2013
300 _apage: B4
336 _atext
_2rdacontent
337 _acomputer
_2rdamedia
338 _aonline resource
_2rdacarrier
650 _aBanking sector
_zMalaysia
_98446
650 _afinancial services
_98981
856 _zRequest full-text at [email protected]
942 _2lcc
942 _cNEWS
942 _kNWSC 002351
999 _c5849
_d5849